Every Undisputed Champion In The Phoenix WWE2K22 Universe - Statistics

General Stats
  • This quiz has been taken 24 times
    23 since last reset
  • The average score is 86 of 187
Answer Stats
Number Length (Days) Champion Total Length (Days) % Correct
1 454 Roman Reigns 454
100%
2 Roman Reigns
100%
3 545 Roman Reigns 1406
100%
Roman Reigns
100%
Roman Reigns
100%
Roman Reigns
100%
7 70 Roman Reigns 2779
100%
8 27 Roman Reigns 2806
100%
9 2471 Roman Reigns 5277
100%
10 Roman Reigns
100%
1 336 Brock Lesnar 336
80%
2 49 Brock Lesnar 385
80%
3 Brock Lesnar
80%
4 222 Brock Lesnar 943
80%
5 133 Brock Lesnar 1706
80%
6 161 Brock Lesnar 1237
80%
7 140 Brock Lesnar 1377
80%
8 224 Brock Lesnar 1601
80%
9 29 Brock Lesnar 1639
80%
10 98 Brock Lesnar 1728
80%
11 28 Brock Lesnar 1756
80%
12 42 Brock Lesnar 1798
80%
1 246 CM Punk 246
80%
CM Punk
80%
CM Punk
80%
4 112 CM Punk 778
80%
1 John Cena
73%
John Cena
73%
3 161 John Cena 728
73%
4 63 John Cena 791
73%
5 1329 John Cena 2120
73%
1 295 Seth Rollins 295
73%
2 Seth Rollins
73%
3 56 Seth Rollins 596
73%
4 419 Seth Rollins 1015
73%
1 55 Big E 55
67%
1 336 Cody Rhodes 336
67%
2 Cody Rhodes
67%
3 Cody Rhodes
67%
4 Cody Rhodes
67%
Cody Rhodes
67%
6 183 Cody Rhodes 1309
67%
7 280 Cody Rhodes 1589
67%
8 84 Cody Rhodes 1673
67%
1 Triple H
67%
2 63 Triple H 399
67%
3 168 Triple H 567
67%
1 125 Chris Jericho 125
60%
2 Chris Jericho
60%
1 169 Drew McIntyre 169
60%
2 Drew McIntyre
60%
3 Drew McIntyre
60%
Drew McIntyre
60%
1 62 Edge 62
60%
2 127 Edge 189
60%
3 42 Edge 231
60%
Edge
60%
5 209 Edge 530
60%
6 197 Edge 727
60%
1 91 Goldberg 91
60%
1 42 Hulk Hogan 42
60%
2 265 Hulk Hogan 307
60%
1 Randy Orton
60%
2 Randy Orton
60%
3 Randy Orton
60%
4 Randy Orton
60%
5 Randy Orton
60%
6 153 Randy Orton 1546
60%
1 48 Sheamus 48
60%
2 Sheamus
60%
3 Sheamus
60%
1 336 'Stone Cold' Steve Austin 336
60%
2 273 'Stone Cold' Steve Austin 609
60%
1 174 The Miz 174
60%
The Miz
60%
1 259 The Rock 259
60%
2 302 The Rock 561
60%
1 336 The Undertaker 336
60%
2 105 The Undertaker 441
60%
1 244 Bobby Lashley 244
53%
2 97 Bobby Lashley 321
53%
3 Bobby Lashley
53%
4 Bobby Lashley
53%
5 Bobby Lashley 1553
53%
1 119 Kane 119
53%
1 259 Rey Mysterio 259
53%
2 245 Rey Mysterio 504
53%
3 63 Rey Mysterio 567
53%
1 119 Shawn Michaels 119
53%
Shawn Michaels
53%
Shawn Michaels
53%
4 112 Shawn Michaels 791
53%
5 147 Shawn Michaels 938
53%
1 217 Bray Wyatt 217
47%
1 244 Daniel Bryan 244
47%
Daniel Bryan
47%
Daniel Bryan
47%
4 98 Daniel Bryan 727
47%
1 154 Dominik Mysterio 154
47%
2 105 Dominik Mysterio 259
47%
1 49 Finn Balor 49
47%
1 2 Finn Balor 51
47%
3 28 Finn Balor 79
47%
1 34 Jey Uso 34
47%
1 Kevin Owens
47%
2 161 Kevin Owens 447
47%
Batista
40%
Batista
40%
1 447 Bron Breakker 447
40%
2 35 Bron Breakker 482
40%
1 35 Damian Priest 35
40%
1 672 Dolph Ziggler 672
40%
2 105 Dolph Ziggler 777
40%
1 Eddie Guerrero
40%
1 336 Kofi Kingston 336
40%
1 Kurt Angle
40%
2 70 Kurt Angle 308
40%
1 574 Shane McMahon 574
40%
1 AJ Styles
33%
2 84 AJ Styles 364
33%
3 AJ Styles
33%
1 119 Bret Hart 119
33%
1 21 Sami Zayn 21
33%
2 15 Sami Zayn 36
33%
Sami Zayn
33%
4 63 Sami Zayn 422
33%
1 216 Austin Theory 216
27%
1 170 Matt Riddle 170
27%
1 162 Montez Ford 162
27%
R-Truth
27%
R-Truth
27%
1 287 Tommaso Ciampa 287
27%
1 511 Umaga 511
27%
2 55 Umaga 566
27%
1 274 Jon Moxley 274
20%
2 120 Jon Moxley 394
20%
3 302 Jon Moxley 696
20%
4 274 Jon Moxley 970
20%
5 Jon Moxley
20%
6 126 Jon Moxley 1594
20%
1 Kenny Omega
20%
Kenny Omega
20%
Kenny Omega
20%
Kenny Omega
20%
Kenny Omega
20%
1 246 LA Knight 246
20%
2 175 LA Knight 421
20%
1 196 MJF 196
20%
2 MJF 449
20%
1 160 Ricochet 160
20%
Robert Roode
20%
1 Shinsuke Nakamura
20%
2 Shinsuke Nakamura 485
20%
3 84 Shinsuke Nakamura 569
20%
1 148 Solo Sikoa 148
20%
2 133 Solo Sikoa 281
20%
3 112 Solo Sikoa 393
20%
4 196 Solo Sikoa 589
20%
1 112 Baron Corbin 112
13%
2 90 Baron Corbin 202
13%
1 Samoa Joe
13%
2 Samoa Joe
13%
3 Samoa Joe
13%
4 168 Samoa Joe 1198
13%
5 456 Samoa Joe 1654
13%
1 63 Shelton Benjamin 63
13%
1 14 Elias 14
7%
2 111 Elias 125
7%
3 174 Elias 299
7%
2 13 Mustafa Ali 13
7%
1 937 Penny 937
7%
2 140 Penny 1077
7%
Penny
7%
4 1 Penny 1485
7%
5 1142 Penny 2627
7%
6 55 Penny 2682
7%
7 21 Penny 2703
7%
8 574 Penny 3277
7%
1 2 Cameron Grimes 2
0%
1 140 Conor McGregor 140
0%
1 71 Mike Tyson 71
0%
1 679 Rocky Balboa 679
0%
1 Tyler Bate
0%
2 Tyler Bate 209
0%
1 147 Walter 147
0%
Walter
0%
3 112 Walter 938
0%
No matching quizzes found
Score Distribution
Percent of People with Each Score
Percentile by Number Answered
Your Score History
You have not taken this quiz since the last reset